[Event "Vlissingen HZ op 24th"]
[Site "Vlissingen"]
[Date "2022.08.06"]
[Round "1"]
[White "Timmermans, Adri"]
[Black "Sorbe, Stephane"]
[Result "0-1"]
[WhiteElo "1840"]
[BlackElo "2353"]
[PlyCount "64"]
[EventDate "2022.08.06"]
[EventType "swiss"]
[EventRounds "9"]
[EventCountry "NED"]
[SourceTitle "CBM 209 Extra"]
[Source "ChessBase"]
[SourceDate "2022.09.30"]
[SourceVersion "1"]
[SourceVersionDate "2022.09.30"]
[SourceQuality "1"]

1. e4 c6 2. d4 d5 3. f3 e6 4. Bd3 dxe4 5. fxe4 Qxd4 6. Nf3 Qb6 7. Nc3 Nd7 8. Rb1 e5 9. Qe2 h6 10. Bd2 Ngf6 11. Na4 Qc7 12. 0-0 b5 13. Nc3 Nc5 14. b4 Nxd3 15. cxd3 a5 16. bxa5 Rxa5 17. Qe1 b4 18. Nd1 c5 19. Qg3 Be6 20. Qxe5 Bd6 21. Qb2 Rxa2 22. Qc1 Ng4 23. h3 Ne5 24. Nxe5 Bxe5 25. Bf4 Bd4+ 26. Kh1 Qd7 27. Rf3 g5 28. Be3 g4 29. hxg4 Bxg4 30. Rf2 Ra3 31. Qc4 Be6 32. Qc1 Rxd3 0-1

[Event "Vlissingen HZ op 22nd"]
[Site "Vlissingen"]
[Date "2018.08.05"]
[Round "3"]
[White "Timmermans, Adri"]
[Black "Kalisvaart, Peter"]
[Result "0-1"]
[WhiteElo "1847"]
[BlackElo "2090"]
[PlyCount "78"]
[EventDate "2018.08.04"]
[EventType "swiss"]
[EventRounds "9"]
[EventCountry "NED"]
[SourceTitle "CBM 185 Extra"]
[Source "ChessBase"]
[SourceDate "2018.07.29"]
[SourceVersion "1"]
[SourceVersionDate "2018.07.29"]
[SourceQuality "1"]

1. e4 e5 2. Nf3 Nc6 3. d4 exd4 4. c3 d5 5. exd5 Qxd5 6. cxd4 Bg4 7. Be2 Bb4+ 8. Nc3 Bxf3 9. Bxf3 Qc4 10. Qb3 Qxb3 11. axb3 Nge7 12. 0-0 a5 13. Nb5 0-0-0 14. Bf4 Nxd4 15. Nxc7 Nxf3+ 16. gxf3 Nc6 17. Na8 Bd6 18. Nb6+ Kc7 19. Be3 Kb8 20. Nc4 Bc7 21. Rfd1 Rxd1+ 22. Rxd1 Rd8 23. Ra1 f5 24. f4 Rd3 25. Ne5 Rxb3 26. Nxc6+ bxc6 27. Bd4 g6 28. Re1 Bxf4 29. Re8+ Kc7 30. Re7+ Kd6 31. Rxh7 Kd5 32. Bc3 a4 33. Ra7 a3 34. Rxa3 Rxa3 35. bxa3 Kc4 36. Bf6 Kb3 37. Be7 Bc1 38. Kf1 Bxa3 39. Bf6 c5 0-1

[Event "Reykjavik op"]
[Site "Reykjavik"]
[Date "2017.04.26"]
[Round "9"]
[White "Ragnarsson, Heimir Pall"]
[Black "Timmermans, Adri"]
[Result "0-1"]
[WhiteElo "1608"]
[BlackElo "1861"]
[PlyCount "66"]
[EventDate "2017.04.19"]
[EventType "swiss"]
[EventRounds "10"]
[EventCountry "ISL"]
[SourceTitle "CBM 178 Extra"]
[Source "ChessBase"]
[SourceDate "2017.06.22"]
[SourceVersion "1"]
[SourceVersionDate "2017.06.22"]
[SourceQuality "1"]

1. c4 e6 2. g3 c5 3. Bg2 d5 4. cxd5 exd5 5. d4 cxd4 6. Qxd4 Nf6 7. Nf3 Nc6 8. Qd1 Bf5 9. 0-0 Be7 10. Bf4 Qb6 11. b3 Rd8 12. Nbd2 Ba3 13. Nh4 Be6 14. Qc2 0-0 15. Bg5 Nb4 16. Qb1 Bg4 17. e4 h6 18. Be3 Qa6 19. exd5 Be2 20. Nf5 Bd3 21. Nxh6+ gxh6 22. Qd1 Be2 23. Qb1 Nfxd5 24. Qf5 Nxe3 25. fxe3 Rxd2 26. Rf4 Qg6 27. Qa5 Qe6 28. Re4 Qf6 29. Re1 Bd3 30. Rf4 Qb2 31. Rg4+ Bg6 32. Be4 Nc6 33. Bxg6 Rg2+ 0-1

[Event "Reykjavik op"]
[Site "Reykjavik"]
[Date "2017.04.23"]
[Round "6"]
[White "Timmermans, Adri"]
[Black "Fridjonsson, Julius"]
[Result "0-1"]
[WhiteElo "1861"]
[BlackElo "2126"]
[PlyCount "94"]
[EventDate "2017.04.19"]
[EventType "swiss"]
[EventRounds "10"]
[EventCountry "ISL"]
[SourceTitle "CBM 178 Extra"]
[Source "ChessBase"]
[SourceDate "2017.06.22"]
[SourceVersion "1"]
[SourceVersionDate "2017.06.22"]
[SourceQuality "1"]

1. e4 c5 2. Nf3 d6 3. d4 cxd4 4. Nxd4 Nf6 5. Nc3 e6 6. Be3 Be7 7. f3 0-0 8. Qd2 a6 9. 0-0-0 b5 10. g4 b4 11. Nce2 Qc7 12. g5 Nfd7 13. h4 Ne5 14. Ng3 Bd7 15. Kb1 Bb5 16. h5 Bxf1 17. Rdxf1 Nc4 18. Qf2 Nxe3 19. Qxe3 Qc5 20. g6 Bf6 21. Nge2 Nc6 22. gxh7+ Kh8 23. Rd1 Rac8 24. h6 g6 25. Qf4 Be5 26. Qd2 Kxh7 27. Nb3 Qb5 28. f4 Bf6 29. Ng3 a5 30. Qd3 Qxd3 31. Rxd3 Be7 32. Nd4 Nxd4 33. Rxd4 Rc6 34. Nf1 Bf6 35. Rd3 Rfc8 36. Rh2 Rc4 37. Ng3 Be7 38. Rd1 R8c6 39. f5 gxf5 40. exf5 Rg4 41. Rh3 Rc8 42. fxe6 fxe6 43. Rf1 Rf8 44. a4 Rxg3 45. Rxf8 Rg1+ 46. Ka2 Bxf8 47. Rh5 d5 0-1

[Event "Vlissingen HZ op 16th"]
[Site "Vlissingen"]
[Date "2012.08.04"]
[Round "1"]
[White "Timmermans, Adri"]
[Black "Provoost, Simon"]
[Result "0-1"]
[WhiteElo "1838"]
[BlackElo "2247"]
[PlyCount "98"]
[EventDate "2012.08.04"]
[EventType "swiss"]
[EventRounds "9"]
[EventCountry "NED"]
[SourceTitle "CBM 149 Extra"]
[Source "ChessBase"]
[SourceDate "2012.08.24"]
[SourceVersion "1"]
[SourceVersionDate "2012.08.24"]
[SourceQuality "1"]

1. e4 d6 2. d4 Nf6 3. Nc3 g6 4. f4 Bg7 5. Nf3 c5 6. e5 Nfd7 7. Bc4 cxd4 8. Qxd4 0-0 9. 0-0 Nc6 10. Qe3 dxe5 11. f5 gxf5 12. Ng5 f4 13. Qd3 Nf6 14. Nd5 e4 15. Nxf6+ Bxf6 16. Qxd8 Nxd8 17. Nxe4 Bd4+ 18. Kh1 e5 19. Rd1 Kg7 20. Bxf4 Bg4 21. Rd2 Rc8 22. Bd5 exf4 23. Rxd4 Rxc2 24. Ng5 Be6 25. Be4 Rxb2 26. Bxh7 Kh6 27. h4 f3 28. gxf3 Rxa2 29. Rxa2 Bxa2 30. Be4 b5 31. Rd6+ Ne6 32. Ra6 Bc4 33. Nxe6 Bxe6 34. Rxa7 b4 35. Rb7 b3 36. Rb5 Rd8 37. Kh2 Rd2+ 38. Kg3 b2 39. Kf4 Re2 40. Bd3 Rh2 41. Ke3 Ba2 42. Be4 Bc4 43. Rb4 Re2+ 44. Kd4 Ba2 45. Kc3 Rxe4 46. Rxb2 Ra4 47. Rb5 Be6 48. Kd2 Ra3 49. Ke2 Bc4+ 0-1